书目信息 |
| 题名: |
汤姆·索亚历险记
|
|
| 作者: | 马克·吐温 著 ;孙明珍 , 周茹 编 | |
| 分册: | ||
| 出版信息: | 北京 中译出版社 2016 |
|
| 页数: | 291页 | |
| 开本: | 24cm | |
| 丛书名: | 语文新课标必读丛书 | |
| 单 册: | ||
| 中图分类: | I712.84 | |
| 科图分类: | ||
| 主题词: | 儿童文学--长篇小说--美国--近代 | |
| 电子资源: | ||
| ISBN: | 978-7-5001-4238-6 | |
| 000 | 01003oam2 2200301 450 | |
| 001 | 5555 | |
| 005 | 20180528211343.04 | |
| 010 | @a978-7-5001-4238-6@dCNY24.80 | |
| 100 | @a20160927d2016 em y0chiy50 ea | |
| 101 | 0 | @achi |
| 102 | @aCN@b110000 | |
| 105 | @aa z 000ay | |
| 200 | 1 | @a汤姆·索亚历险记@9tang mu · suo ya li xian ji@f(美)马克·吐温著@g孙明珍,周茹编 |
| 210 | @a北京@c中译出版社@d2016 | |
| 215 | @a291页@c图@d24cm | |
| 225 | 1 | @a语文新课标必读丛书 |
| 300 | @a读名著·学语文 珍藏版 | |
| 312 | @a封面英文题名:The adventures of Tom Sawyer | |
| 461 | 0 | @12001 @a语文新课标必读丛书 |
| 500 | 10 | @a汤姆·索亚历险记@9tang mu · suo ya li xian ji |
| 510 | 1 | @aAdventures of Tom Sawyer@zeng |
| 606 | 0 | @a儿童文学@x长篇小说@y美国@z近代 |
| 690 | @aI712.84@v5 | |
| 701 | 0 | @c(美)@a马克·吐温@9ma ke · tu wen@c(Mark Twain@f1835~1910)@4著 |
| 702 | 0 | @a孙明珍@9sun ming zhen@4编 |
| 702 | 0 | @a周茹@9zhou ru@4编 |
| 801 | 0 | @aCN@b91MARC@c20161118 |
| 905 | @aMuseLib@dI712.84@e1086 | |
| 汤姆·索亚历险记/(美)马克·吐温著/孙明珍,周茹编.-北京:中译出版社,2016 |
| 291页:图;24cm.-(语文新课标必读丛书) |
| 读名著·学语文 珍藏版 |
| ISBN 978-7-5001-4238-6:CNY24.80 |
| ● |
| 相关链接 |
|
|
|
|
正题名:汤姆·索亚历险记
索取号:I712.84/1086
 
预约/预借
| 序号 | 登录号 | 条形码 | 馆藏地/架位号 | 状态 | 备注 |
| 1 | 1113751 | 211137517 | 第一样本阅览室/ [索取号:I712.84/1086] | 在馆 | |
| 2 | 1113752 | 211137526 | 教育系资料室/ [索取号:I712.84/1086] | 在馆 | |
| 3 | 1113753 | 211137535 | 教育系资料室/ [索取号:I712.84/1086] | 在馆 | |
| 4 | 1113754 | 211137544 | 第二借阅区/ [索取号:I712.84/1086] | 在馆 |